000 00709nam a2200229 i 4500
001 175457
003 ES-MaACL
005 20230906215829.0
007 t|
008 101028s1993 sp r ||||1| spa d
020 _a84-87511-03-1
080 _a821.134.2-23"19"
100 1 _aCoello, Sergio.
_9143773
245 1 3 _aLa entrevista /
_coriginal de Sergio Coello.
260 _aAlcalá de Henares (Madrid) :
_bTeatro Independiente Alcalaíno,
_cD. L. 1993.
300 _a148 p. ;
_c18 cm.
490 1 _aColección nuevos autores ;
_v4
710 2 _aTeatro Independiente Alcalaíno.
_9144180
830 0 _aColección nuevos autores ;
_v4
_9189758
852 _aES-MaACL
_j2262-F-4
999 _c175457
_d175457